000 00913nam a2200325 a 4500
003 AR-BaBNM
005 20251128204612.0
008 082120s2002 ||||||||||||||000 | spa||
020 _a950-556-289-6
040 _cAR-BaBNM
245 0 0 _aDe la colonia a la postmodernidad
_bteoría teatral y crítica sobre teatro latinoamericano
260 _aBuenos Aires
_bGalerna
_bIITCTL
_c1992
300 _a405 p.
490 0 _aCrítica de teatro latinoamericano
_vv. 3
650 4 _aLITERATURA LATINOAMERICANA
650 4 _aCRITICA LITERARIA
650 4 _aTEATRO
650 4 _aACTORES
650 4 _aARTES ESCENICAS
650 4 _aPRODUCCION TEATRAL
650 4 _aTEORIA LITERARIA
650 4 _aSEMIOLOGIA
650 4 _aHISTORIA DEL TEATRO
650 4 _aBIBLIOGRAFIA
655 _aLITERATURA
700 1 _aRoster, Peter
_eeditor
700 1 _aRojas, Mario A.
_eeditor
942 _cBK
998 _cMARTIN
999 _c8089
_d8089